Experimentálna aplikácia tepelného čerpadla

Guardado en:
Detalles Bibliográficos
Autor principal: Pošik, Ján, 1989- (Autor)
Otros Autores: Pípa, Marek, 1978- (Orientador)
Formato: Manuscrito Libro
Lenguaje:eslovaco
Publicado: Bratislava : STU v Bratislave FEI, 2012
Materias:
Acceso en línea:VAIS
Etiquetas: Agregar Etiqueta
Sin Etiquetas, Sea el primero en etiquetar este registro!

MARC

LEADER 00000ntm a22000003a 4500
001 stu253256
005 20150617230227.9
008 120803s2012----xo------------------slo-d
040 |a STU  |b slo 
041 0 |a slo 
044 |a xo 
100 1 |a Pošik, Ján,  |d 1989-  |4 aut  |u E  |T FEI Fakulta elektrotechniky a informatiky  |X 56090  |U E  |Y 30  |7 A000056090 
242 0 0 |a Experimental application of heat pump  |y eng 
245 1 |a Experimentálna aplikácia tepelného čerpadla  
260 |a Bratislava :  |b STU v Bratislave FEI,  |c 2012 
300 |a 43 s  |c 1 príl. 
650 7 |a Electrical Engineering  |2 estusub 
700 1 |a Pípa, Marek,  |d 1978-  |4 ths  |u E020  |U FEI Fakulta elektrotechniky a informatiky  |T FEI Ústav elektroenergetiky a aplikovanej elektrotechniky  |X 2666  |U E020  |Y 548  |7 A000002666 
856 4 |a info a plný text  |u http://is.stuba.sk/zp/portal_zp.pl?podrobnosti=81716  |3 VAIS 
996 |b 284ER00957  |c E*Bc-957  |l EE32  |s P  |a 0  |w stu253256_0001